000 00510nam a2200169Ia 4500
003 GCL
008 140319s9999 xx 000 0 ara d
040 _aGCL /
_cGCL
082 0 4 _a371.2
_bف خ
100 1 _aفائز عبداللة السويد
245 1 0 _aخبرتى فى الادارة المدرسية /
_cفائز عبداللة السويد
300 _a284 ص
490 _a
650 0 4 _aالادارة التعليمية
650 0 4 _aالمدارس - تنظيم وادارة
942 _2ddc
_cBK
999 _c44879
_d44879